zpět

Detail výsledku týmu

Bounty Rock Cafe, Olomouc

Datum a čas kvízu

39.5 Celkem bodů Celkový počet nahraných bodů na tomto kvízu bez doplňovacích otázek.
2. Pořadí na kvízu Konečné umístění týmu na tomto kvízu.

Zaznamenané odpovědi

# Otázka Odpověď Body Výsledky
1. Jak se jmenuje muž, který byl... 0
2. Americká Federální komise pro... 1
3. Francouzský herec Gérard Depar... 0
4. Společnost Coca-Cola je první... 0
5. Dopoledne 1:1 v Pardubicích, o... 1
5. Kim Čong-Il, Adolf Hitler, Idi... 1
5. Určitě si vybavíte, jak vypadá... 0
5. Díváme se na legendární užitko... 1
5. O Ferdinandovi Porsche, zaklad... 0
5. Jak se jmenovala značka, která... 0